[Event "Euro Online U2300 Day 1"]
[Site "chess.com INT"]
[Date "2020.05.25"]
[Round "3"]
[White "Navumenka, Mikhei"]
[Black "Kalinina, Larisa"]
[Result "1-0"]
[WhiteTitle "CM"]
[BlackTitle "WIM"]
[WhiteElo "2105"]
[BlackElo "2131"]
[WhiteFideId "13514075"]
[BlackFideId "14106361"]
[EventDate "2020.05.25"]

1. d4 d5 2. c4 e6 3. Nf3 Nf6 4. g3 g6 5. Bg2 Bg7 6. O-O O-O 7. Qc2 dxc4 8. Qxc4
Nc6 9. Nc3 Nd5 10. e4 Nxc3 11. bxc3 e5 12. Bg5 Qd6 13. Rad1 exd4 14. cxd4 Bg4
15. Bf4 Qd7 16. e5 Ne7 17. d5 b5 18. Qc5 Rad8 19. Bg5 Bxf3 20. Bxf3 f6 21. e6
Qd6 22. Be3 a6 23. Rd2 Nf5 24. Rc1 Rc8 25. Bf4 Qxc5 26. Rxc5 Nd6 27. Rdc2 Nc4
28. Rxc7 g5 29. Rxc8 Rxc8 30. d6 Nxd6 31. Bxd6 Rxc2 32. e7 Rc1+ 33. Kg2 Re1 34.
Bd5+ Kh8 35. Bf7 f5 36. e8=Q+ Rxe8 37. Bxe8 Bc3 38. Bc6 Kg7 39. Bb7 a5 40. Bc6
b4 41. Bc7 Kf6 42. Bxa5 Ke5 43. a3 Kd6 44. Be8 Kc5 45. Bxb4+ Bxb4 46. axb4+ Kxb4
47. Kf3 Kc5 48. Bd7 f4 49. gxf4 gxf4 50. Kxf4 Kd6 51. Bf5 h6 52. Bd3 Ke7 53. Kf5
Kf7 54. f4 Kg7 55. Ke6 Kf8 56. f5 h5 57. f6 h4 58. Bf5 Ke8 59. f7+ Kf8 60. Bh3 1-0

[Event "Euro Online U2300 Day 1"]
[Site "chess.com INT"]
[Date "2020.05.25"]
[Round "3"]
[White "Canal Oliveras, Joan"]
[Black "De Blecourt, Sandra"]
[Result "0-1"]
[BlackTitle "WFM"]
[WhiteElo "2205"]
[BlackElo "2038"]
[WhiteFideId "2211394"]
[BlackFideId "1004948"]
[EventDate "2020.05.25"]

1. e4 c5 2. d4 cxd4 3. c3 Nf6 4. e5 Nd5 5. Nf3 e6 6. cxd4 d6 7. a3 Nc6 8. Bd3
Qc7 9. exd6 Bxd6 10. Nc3 Nxc3 11. bxc3 Bd7 12. O-O O-O 13. Bxh7+ Kxh7 14. Ng5+
Kg6 15. Qd3+ f5 16. g4 Bxh2+ 17. Kg2 Bf4 18. gxf5+ Rxf5 19. Nf3 Kf7 20. Bb2 Rh8
21. Rh1 Rxh1 22. Rxh1 Bh6 23. c4 Qf4 24. Rh4 Qd6 25. Rg4 Ne7 26. d5 exd5 27. Qd4
Qf6 28. Ne5+ Rxe5 29. Qxe5 Qxe5 30. Bxe5 Bxg4 0-1

[Event "Euro Online U2300 Day 1"]
[Site "chess.com INT"]
[Date "2020.05.25"]
[Round "3"]
[White "Hoffmann, Hendrik"]
[Black "Tsaruk, Maksim"]
[Result "0-1"]
[WhiteTitle "FM"]
[BlackTitle "FM"]
[WhiteElo "2250"]
[BlackElo "2302"]
[WhiteFideId "4618130"]
[BlackFideId "13511173"]
[EventDate "2020.05.25"]

1. e4 e6 2. d4 d5 3. Nc3 Bb4 4. exd5 exd5 5. Bd3 Ne7 6. Ne2 Nbc6 7. O-O Bf5 8.
Ng3 Bg6 9. Nce2 Qd7 10. c3 Bd6 11. Bf4 O-O-O 12. Bxd6 Qxd6 13. b4 h5 14. Re1 h4
15. Nf1 Rde8 16. a4 Qf6 17. Ne3 h3 18. g3 Bxd3 19. Qxd3 Qf3 20. Nf4 g5 21. Qe2
Qxe2 22. Nxe2 f5 23. f4 g4 24. Nc1 Nb8 25. Nd3 Nd7 26. Ne5 Nf6 27. Rac1 Kb8 28.
c4 dxc4 29. Rxc4 Nfd5 30. Kf2 Nxe3 31. Rxe3 Nd5 32. Re1 Nf6 33. b5 Ne4+ 34. Ke3
Rh6 35. Rec1 Re7 36. d5 a6 37. bxa6 Rxa6 38. Rb4 Nf6 39. Kd4 Kc8 40. Rcb1 Rd6
41. Rxb7 c5+ 42. Kxc5 Ne4+ 43. Kd4 Rxb7 44. Rxb7 Kxb7 45. Nc4 Ra6 46. a5 Nxg3
47. Ke5 Nf1 48. Kxf5 g3 49. d6 gxh2 50. d7 Kc7 51. Ne5 h1=Q 0-1

[Event "Euro Online U2300 Day 1"]
[Site "chess.com INT"]
[Date "2020.05.25"]
[Round "3"]
[White "Hansen, Lars"]
[Black "Sherman, Reem"]
[Result "1-0"]
[WhiteElo "2223"]
[BlackElo "2146"]
[WhiteFideId "1402528"]
[BlackFideId "2822288"]
[EventDate "2020.05.25"]

1. e4 c5 2. Nc3 g6 3. f4 Bg7 4. Nf3 Nc6 5. Bb5 Nd4 6. O-O a6 7. Bc4 d6 8. a4 Nf6
9. e5 Nxf3+ 10. Qxf3 dxe5 11. d3 exf4 12. Bxf4 O-O 13. Rae1 Nd7 14. Qg3 e5 15.
Bg5 Qa5 16. Be7 b5 17. axb5 axb5 18. Bd5 Ra7 19. Bxf8 Nxf8 20. Ne4 Qd8 21. Ra1
Rc7 22. Qf3 Bf5 23. g4 Bxg4 24. Bxf7+ Rxf7 25. Qxf7+ Kh8 26. Ra7 Ne6 27. Nf6 Bh3
28. Rf3 e4 29. Rxh3 exd3 30. Rxh7# 1-0

[Event "Euro Online U2300 Day 1"]
[Site "chess.com INT"]
[Date "2020.05.25"]
[Round "3"]
[White "Dorokhin, Mykhailo"]
[Black "Schein, Karl-Heinz"]
[Result "1-0"]
[WhiteElo "2299"]
[BlackElo "2187"]
[WhiteFideId "14114178"]
[BlackFideId "1604988"]
[EventDate "2020.05.25"]

1. e4 c5 2. Nc3 Nc6 3. d3 g6 4. Be3 Nd4 5. Nce2 Bg7 6. c3 Nxe2 7. Bxe2 b6 8. h4
h5 9. Nf3 Bb7 10. a4 Nf6 11. Qb3 O-O 12. a5 d5 13. a6 Bc8 14. Ng5 e6 15. O-O Ng4
16. Bc1 Rb8 17. exd5 exd5 18. Bf4 Be5 19. Bxe5 Nxe5 20. d4 Nc6 21. Bf3 c4 22.
Qd1 Kg7 23. Re1 Bf5 24. g4 hxg4 25. Bxg4 Bd3 26. Qf3 Ne7 27. Qf4 Nf5 28. Bxf5
Bxf5 29. Kg2 Qf6 30. Kg3 Rbe8 31. Re5 Be6 32. Qxf6+ Kxf6 33. Nh7+ Kg7 34. Nxf8
Rxf8 35. h5 gxh5 36. Rxh5 b5 37. Kf4 Kf6 38. b3 Rg8 39. bxc4 Rg4+ 40. Kf3 bxc4
41. Rh6+ Kf5 42. Rh5+ Kg6 43. Re5 Rh4 44. Re3 Rh3+ 45. Kf4 Rh2 46. f3 Kf6 47.
Kg3 Rh3+ 48. Kg2 Rh4 49. Rb1 Kf5 50. Kg3 Rh8 51. Re5+ Kf6 52. Rb7 Ra8 53. Kf4
Bc8 54. Rc7 Bxa6 55. Rc6+ 1-0

[Event "Euro Online U2300 Day 1"]
[Site "chess.com INT"]
[Date "2020.05.25"]
[Round "3"]
[White "Abdrlauf, Elham"]
[Black "Subelj, Jan"]
[Result "1-0"]
[WhiteTitle "FM"]
[BlackTitle "FM"]
[WhiteElo "2362"]
[BlackElo "2408"]
[WhiteFideId "1533533"]
[BlackFideId "14618583"]
[EventDate "2020.05.25"]

1. e4 e5 2. Nc3 Nf6 3. Bc4 Bc5 4. d3 d6 5. f4 Ng4 6. f5 h5 7. Nh3 Qh4+ 8. Kf1 c6
9. Qe2 Nf6 10. Ng5 d5 11. exd5 O-O 12. Nge4 Nxe4 13. Nxe4 Be7 14. d6 Bd8 15. Ng3
g6 16. fxg6 Be6 17. Bxe6 fxe6+ 18. Ke1 Ba5+ 19. c3 Nd7 20. Qxh5 Qxh5 21. Nxh5
Rf5 22. Ng3 Rf6 23. Ne4 Rxg6 24. g3 Nf6 25. Nxf6+ Rxf6 26. Ke2 Raf8 27. Be3 Rg6
28. Rhf1 Rd8 29. Bxa7 Rxd6 30. Be3 Rd7 31. Rf3 Bc7 32. Raf1 Bd6 33. h4 Bf8 34.
Rxf8+ 1-0

[Event "Euro Online U2300 Day 1"]
[Site "chess.com INT"]
[Date "2020.05.25"]
[Round "3"]
[White "Akca, Gani Eren"]
[Black "Tadic, Stefan"]
[Result "0-1"]
[BlackTitle "FM"]
[WhiteElo "2142"]
[BlackElo "2257"]
[WhiteFideId "6303013"]
[BlackFideId "958980"]
[EventDate "2020.05.25"]

1. e4 c5 2. Nf3 e6 3. d4 cxd4 4. Nxd4 Nf6 5. Nc3 Nc6 6. Ndb5 Bc5 7. Nd6+ Ke7 8.
Bf4 e5 9. Nf5+ Kf8 10. Be3 d6 11. Bc4 Bxf5 12. exf5 Nd4 13. O-O Nxf5 14. Bxc5
dxc5 15. Qf3 Qc8 16. Rae1 Nd4 17. Qg3 Qg4 18. Rxe5 Qxg3 19. fxg3 b6 20. Ne4 Nc6
21. Ref5 Ne7 22. R5f3 Neg8 23. g4 h6 24. Nd6 Ne7 25. Nxf7 Rh7 26. Bd3 Kxf7 27.
Bxh7 Rd8 28. Bd3 Nc6 29. h4 Ne5 30. Rf5 Nxg4 31. Be2 Ne3 32. R5f3 Nxf1 33. Kxf1
Rd4 34. g3 Ke7 35. b3 Ng4 36. Rf4 Ne3+ 37. Kf2 Rxf4+ 38. gxf4 Nxc2 39. Kf3 Nd4+
40. Ke3 Nxe2 41. Kxe2 Ke6 42. Ke3 Kf5 43. Kf3 b5 44. h5 g6 45. hxg6 Kxg6 46. Kg4
c4 47. f5+ Kf6 48. bxc4 bxc4 49. Kf4 h5 50. Ke4 h4 51. Kd4 h3 52. Kxc4 h2 0-1

[Event "Euro Online U2300 Day 1"]
[Site "chess.com INT"]
[Date "2020.05.25"]
[Round "3"]
[White "Ionescu, Cristian-Dan"]
[Black "Belaska, Premysl"]
[Result "0-1"]
[WhiteTitle "FM"]
[WhiteElo "2287"]
[BlackElo "2224"]
[WhiteFideId "1200860"]
[BlackFideId "300896"]
[EventDate "2020.05.25"]

1. Nf3 g5 2. Nxg5 e5 3. d4 h6 4. Nf3 e4 5. Nfd2 d5 6. c4 c6 7. Nc3 Nf6 8. e3 a6
9. f3 Bf5 10. Qb3 b5 11. cxd5 cxd5 12. fxe4 Bxe4 13. Ndxe4 dxe4 14. Be2 b4 15.
Na4 Bd6 16. Bd2 Nbd7 17. Rc1 Qb8 18. Nc5 Bxh2 19. Nxd7 Nxd7 20. Qd5 Nf6 21. Qc6+
Ke7 22. Rf1 Bd6 23. Rc4 a5 24. Kd1 h5 25. Be1 h4 26. Rf5 b3 27. a3 Qe8 28. Rxf6
Qxc6 29. Rxc6 Kxf6 30. Rxd6+ Ke7 31. Rb6 Rag8 32. Bf1 Rh5 33. Rxb3 h3 34. gxh3
Rg1 35. Ke2 Rf5 36. Bf2 Rh1 37. Rb6 Rh2 38. Ke1 Rfxf2 39. Rb5 Rf3 40. Rb3 Rh1
41. Kd2 Rhxf1 42. Kc3 Rxe3+ 0-1

[Event "Euro Online U2300 Day 1"]
[Site "chess.com INT"]
[Date "2020.05.25"]
[Round "3"]
[White "Gheorghiu, Calin"]
[Black "Nalbant, Tuna Onat"]
[Result "0-1"]
[WhiteTitle "FM"]
[BlackTitle "IM"]
[WhiteElo "2283"]
[BlackElo "2372"]
[WhiteFideId "1200305"]
[BlackFideId "6372821"]
[EventDate "2020.05.25"]

1. e4 e6 2. d4 d5 3. exd5 exd5 4. Nf3 Bd6 5. c4 dxc4 6. Bxc4 Ne7 7. O-O O-O 8.
Nc3 Ng6 9. h3 Nd7 10. Bg5 Be7 11. Bxe7 Qxe7 12. Re1 Qd8 13. a4 Nb6 14. Bb3 a5
15. Ne5 Nxe5 16. dxe5 Qxd1 17. Raxd1 Be6 18. Bxe6 fxe6 19. Rd4 Rad8 20. Red1
Rxd4 21. Rxd4 Kf7 22. f4 Ke7 23. g4 Rd8 24. Rxd8 Kxd8 25. b3 Kd7 26. Kf2 Kc6 27.
Kf3 Kc5 28. f5 exf5 29. gxf5 Kd4 30. e6 Nc8 31. Nb5+ Ke5 32. Nxc7 Kxf5 33. Ke3
Ke5 34. Kd3 g5 35. Kc4 h5 36. Kc5 g4 37. hxg4 hxg4 38. Nd5 Kxe6 39. Ne3 g3 40.
Kb5 b6 41. Kc6 Ke5 42. Kb7 Ke4 43. Ng2 Nd6+ 44. Kxb6 Kf3 45. Nh4+ Kf2 46. Kxa5
Nf5 47. Ng6 Ke3 48. Ne5 g2 49. Ng4+ Kf4 50. Nf2 Kg3 51. Ne4+ Kf3 0-1

[Event "Euro Online U2300 Day 1"]
[Site "chess.com INT"]
[Date "2020.05.25"]
[Round "3"]
[White "Pedersen, Henrik Dahl"]
[Black "Samadov, Read"]
[Result "0-1"]
[BlackTitle "CM"]
[WhiteElo "2225"]
[BlackElo "2332"]
[WhiteFideId "1404199"]
[BlackFideId "13417444"]
[EventDate "2020.05.25"]

1. e4 c5 2. Nc3 Nc6 3. f4 g6 4. Nf3 Bg7 5. Bc4 e6 6. d3 Nge7 7. e5 d6 8. exd6
Nf5 9. Ne4 Nxd6 10. Nxd6+ Qxd6 11. O-O O-O 12. Qe2 a6 13. a3 b5 14. Ba2 Bb7 15.
Rb1 Rad8 16. Be3 Ne7 17. b4 Bxf3 18. Qxf3 Bd4 19. Bxd4 cxd4 20. Bb3 Nf5 21. Rf2
h5 22. g3 Kg7 23. Re1 a5 24. bxa5 Qxa3 25. Qb7 Qxa5 26. Rfe2 Rb8 27. Qf3 Qc3 28.
Qe4 Qc5 29. Ra1 Ne3 30. Ra6 Rb6 31. Ra7 Rd6 32. Rb7 Rb6 33. Rxb6 Qxb6 34. Qe5+
Kg8 35. Qf6 Qa7 36. Re1 Qa5 37. Kf2 Ng4+ 0-1

[Event "Euro Online U2300 Day 1"]
[Site "chess.com INT"]
[Date "2020.05.25"]
[Round "3"]
[White "Polczyk, Mikolaj"]
[Black "Budrewicz, Krzysztof"]
[Result "0-1"]
[WhiteElo "2118"]
[BlackElo "2227"]
[WhiteFideId "1183494"]
[BlackFideId "1127950"]
[EventDate "2020.05.25"]

1. d4 Nf6 2. c4 g6 3. Nf3 Bg7 4. Nc3 O-O 5. g3 d6 6. Bg2 c5 7. O-O Nc6 8. dxc5
dxc5 9. Be3 Qa5 10. Qa4 Be6 11. Rac1 Rac8 12. Qxa5 Nxa5 13. b3 Ng4 14. Bf4 h6
15. h4 Nc6 16. Rfd1 Rfd8 17. Ne4 b6 18. Kf1 Bf5 19. Ne1 Nb4 20. a3 Nc6 21. Nd3
Na5 22. Rb1 Rd4 23. f3 Bxe4 24. fxe4 Rcd8 25. Ke1 e5 26. Bd2 Nc6 27. Bf3 h5 28.
Bc3 R4d7 29. Kd2 Nf2 30. Kc2 Nxd1 31. Rxd1 Nd4+ 32. Bxd4 Rxd4 33. Kc3 Bh6 34.
Rf1 f5 35. exf5 e4 36. fxg6 Bg7 37. Ne1 Rd1+ 0-1

[Event "Euro Online U2300 Day 1"]
[Site "chess.com INT"]
[Date "2020.05.25"]
[Round "3"]
[White "Ivchenko, Alexander"]
[Black "Gottstein, Claudius-Thomas"]
[Result "1/2-1/2"]
[WhiteElo "1891"]
[BlackElo "2113"]
[WhiteFideId "24213268"]
[BlackFideId "4653327"]
[EventDate "2020.05.25"]

1. e4 Nf6 2. e5 Nd5 3. d4 d6 4. exd6 cxd6 5. Nf3 g6 6. Bd3 Bg7 7. c3 O-O 8. O-O
Nc6 9. Bd2 e5 10. Be4 Be6 11. dxe5 dxe5 12. Bxd5 Qxd5 13. Be3 Rad8 14. Qxd5 Rxd5
15. Nbd2 Rfd8 16. Nb3 b6 17. Rfe1 f6 18. a4 Rd3 19. Nc1 Rd1 20. Ne2 Rxe1+ 21.
Nxe1 Bc4 22. Ng3 f5 23. f4 e4 24. Kf2 Na5 25. Nc2 Nb3 26. Re1 Bf8 27. Nd4 Nxd4
28. Bxd4 Bc5 29. Ke3 Bxd4+ 30. cxd4 a6 31. h4 Rc8 32. Rc1 b5 33. axb5 axb5 34.
h5 Ra8 35. Rc3 Ra2 36. Rc2 Kf7 37. Rd2 Ke6 38. d5+ Bxd5 39. Ne2 Bc4 40. Nd4+ Kf7
41. h6 Ra1 42. Nc6 Re1+ 43. Kf2 Rf1+ 44. Kg3 e3 45. Ne5+ Ke6 46. Rd8 Ke7 47.
Rd7+ Ke6 48. Rd8 Ke7 49. Rd7+ Ke6 50. Rd8 1/2-1/2

[Event "Euro Online U2300 Day 1"]
[Site "chess.com INT"]
[Date "2020.05.25"]
[Round "3"]
[White "Zasukhin, Vadim"]
[Black "Volovich, Vasily"]
[Result "0-1"]
[BlackTitle "FM"]
[WhiteElo "2274"]
[BlackElo "2177"]
[WhiteFideId "4123450"]
[BlackFideId "34169676"]
[EventDate "2020.05.25"]

1. Nf3 Nf6 2. g3 g6 3. Bg2 Bg7 4. O-O O-O 5. d3 d5 6. Nbd2 c5 7. e4 e6 8. Qe2
Nc6 9. c3 b6 10. Rd1 Ba6 11. exd5 exd5 12. Nf1 Re8 13. Qc2 Qd7 14. Bf4 h6 15.
Re1 g5 16. Ne5 Qc7 17. Nxc6 gxf4 18. Qa4 Bxd3 19. Rxe8+ Rxe8 20. Nxa7 fxg3 21.
Nxg3 Ra8 22. Nb5 Qc6 23. Qh4 Qxb5 24. b3 Re8 25. Bh3 Bg6 26. Rd1 Qa5 27. c4 Re1+
28. Rxe1 Qxe1+ 29. Bf1 d4 0-1

[Event "Euro Online U2300 Day 1"]
[Site "chess.com INT"]
[Date "2020.05.25"]
[Round "3"]
[White "Ruperez Benito, Antonio"]
[Black "Marjanovic, Annamaria"]
[Result "1-0"]
[WhiteTitle "FM"]
[BlackTitle "WGM"]
[WhiteElo "2356"]
[BlackElo "2338"]
[WhiteFideId "22245049"]
[BlackFideId "750930"]
[EventDate "2020.05.25"]

1. e4 e6 2. b3 d5 3. Bb2 dxe4 4. Nc3 Nf6 5. Qe2 Nc6 6. Nxe4 Be7 7. O-O-O Nxe4 8.
Qxe4 Bf6 9. d4 O-O 10. Nf3 Qd5 11. Bd3 g6 12. Qf4 Bg7 13. h4 Nb4 14. h5 Nxd3+
15. Rxd3 c6 16. hxg6 hxg6 17. Qh4 f6 18. Qh7+ Kf7 19. Ne5+ fxe5 20. Rf3+ Qxf3
21. gxf3 Rh8 22. Qxh8 Bxh8 23. Rxh8 exd4 24. Bxd4 b6 25. f4 c5 26. Be5 Ke7 27.
Rh7+ Ke8 28. c4 a5 29. a4 Ra6 30. Kd2 Bd7 31. Rg7 Ra7 32. Ke3 Kf8 33. Rxg6 Rb7
34. Rg7 Ke8 35. Bd6 Kd8 36. Rg8+ Be8 37. Ke4 Rf7 38. Be5 Ke7 39. Bc7 Bc6+ 40.
Ke3 Rh7 41. Bxb6 Kd6 42. Rd8+ Ke7 43. Rd3 Rh3+ 44. Kd2 Rh2 45. Bxc5+ Kf6 46. Kc3
Be4 47. Rg3 Rh1 48. Bd4+ Ke7 49. Rg7+ Kd6 50. Ra7 Rc1+ 51. Kb2 Rc2+ 52. Ka3 Rd2
53. Be5+ Kc6 54. Rxa5 Rxf2 55. Rb5 Rf3 56. a5 Bd3 57. Rb6+ Kd7 58. Rd6+ Ke7 59.
Rxd3 Rxd3 60. a6 Rd7 61. b4 Kd8 62. b5 Kc8 63. b6 Rd1 64. b7+ 1-0

[Event "Euro Online U2300 Day 1"]
[Site "chess.com INT"]
[Date "2020.05.25"]
[Round "3"]
[White "Flajsman, Pavel"]
[Black "Prinz, Hubert"]
[Result "1/2-1/2"]
[WhiteElo "2162"]
[BlackElo "1956"]
[WhiteFideId "391476"]
[BlackFideId "1639447"]
[EventDate "2020.05.25"]

1. d4 Nf6 2. c4 g6 3. g3 d5 4. Bg2 c6 5. cxd5 cxd5 6. Nf3 Bg7 7. O-O O-O 8. Nc3
Nc6 9. Ne5 e6 10. Bf4 Nxe5 11. Bxe5 Bd7 12. Rc1 b5 13. Qb3 Qb6 14. e3 Rfc8 15.
Nb1 a5 16. Nd2 a4 17. Qd3 b4 18. Rfe1 Bb5 19. Qb1 Ne8 20. Bxg7 Kxg7 21. Bf1 Nd6
22. Bxb5 Qxb5 23. Rxc8 Rxc8 24. Rc1 Rxc1+ 25. Qxc1 Qd3 26. Kg2 Nc4 27. Nf3 b3
28. axb3 axb3 29. Ne5 Qc2 30. Qxc2 bxc2 31. Nd3 Nxb2 32. Nc1 f6 33. Kf3 e5 34.
Ke2 Kh6 35. Kd2 Kg5 36. h3 h5 37. Kxc2 Nc4 38. Kd3 e4+ 39. Ke2 h4 40. Nb3 f5 41.
Nc5 hxg3 42. fxg3 Kf6 43. Nd7+ Ke7 44. Nc5 g5 45. Na4 Ke6 46. Nc3 Na5 47. Nb5
Nc6 48. Nc7+ Kd6 49. Nb5+ Ke7 50. Nc7 Kd6 51. Nb5+ Kd7 52. Nc3 Ke6 53. Nb5 f4
54. gxf4 gxf4 55. exf4 Kf5 56. Ke3 Ne7 57. Nd6+ Ke6 58. Nb5 Nf5+ 59. Ke2 Kd7 60.
Nc3 Ke6 61. Nb5 Ne7 62. Ke3 Kf5 63. Nd6+ Ke6 64. Nb5 1/2-1/2

[Event "Euro Online U2300 Day 1"]
[Site "chess.com INT"]
[Date "2020.05.25"]
[Round "3"]
[White "Rogule, Laura"]
[Black "Thorsbro, Peter"]
[Result "1-0"]
[WhiteTitle "WGM"]
[WhiteElo "2297"]
[BlackElo "2144"]
[WhiteFideId "11601876"]
[BlackFideId "1406671"]
[EventDate "2020.05.25"]

1. c4 e5 2. Nc3 Nf6 3. g3 Nc6 4. Bg2 Bc5 5. e3 a6 6. Nge2 Ba7 7. O-O O-O 8. b3
d6 9. Bb2 Bg4 10. h3 Bf5 11. d3 Rb8 12. Kh2 Ne7 13. e4 Bd7 14. f4 c6 15. d4 Qc7
16. fxe5 dxe5 17. dxe5 Qxe5 18. Rxf6 gxf6 19. Qxd7 Rfd8 20. Qg4+ Ng6 21. Rf1 Rd2
22. Bc1 h5 23. Qf3 Rc2 24. Qd3 Rxc1 25. Rxc1 Bb6 26. Qf3 Rd8 27. Rd1 Rxd1 28.
Nxd1 Qa1 29. Ndc3 h4 30. Qf1 hxg3+ 31. Kxg3 Bc7+ 32. Kg4 Ne5+ 33. Kf5 Qb2 34.
Qc1 Qxc1 35. Nxc1 Kg7 36. N1e2 Ng6 37. Kg4 Be5 38. Na4 Bd6 39. Kf3 Kh6 40. Ng3
Nh4+ 41. Kf2 Kg5 42. Nf5 Nxf5 43. exf5 Kxf5 44. Kf3 b5 45. cxb5 cxb5 46. Nc3 Be5
47. Ne4 a5 48. h4 a4 49. h5 axb3 50. Bh3# 1-0

[Event "Euro Online U2300 Day 1"]
[Site "chess.com INT"]
[Date "2020.05.25"]
[Round "3"]
[White "Hryzlova, Sofiia"]
[Black "Martinkus, Rolandas"]
[Result "0-1"]
[BlackTitle "FM"]
[WhiteElo "1940"]
[BlackElo "2117"]
[WhiteFideId "14174669"]
[BlackFideId "12800481"]
[EventDate "2020.05.25"]

1. c4 e5 2. Nc3 Nc6 3. Nf3 d6 4. d4 exd4 5. Nxd4 Nge7 6. b3 Nxd4 7. Qxd4 Nc6 8.
Qd2 Be7 9. g3 O-O 10. Nd5 Re8 11. Bg2 Bf8 12. O-O a5 13. Bb2 a4 14. h4 Ne5 15.
Nf4 Bd7 16. h5 h6 17. Bd5 Bc6 18. Bxc6 Nxc6 19. b4 a3 20. Bc1 Ne5 21. Qc3 c6 22.
Rb1 b5 23. cxb5 cxb5 24. Rb3 Rc8 25. Qd4 Rc4 26. Qd5 Qc8 27. Bxa3 Rc2 28. Rb2
Rxb2 29. Bxb2 Nc4 30. Ba1 Qa6 31. Ng6 Rxe2 32. Nxf8 Kxf8 33. Qd4 Ne5 34. Rc1
Nf3+ 35. Kf1 Nxd4 36. Bxd4 Qxa2 37. Rc8+ Ke7 38. Rc7+ Ke6 39. Rc8 Rc2 40. Re8+
Kd7 41. Rf8 Qc4+ 0-1

[Event "Euro Online U2300 Day 1"]
[Site "chess.com INT"]
[Date "2020.05.25"]
[Round "3"]
[White "Slizunkov, Dmitry"]
[Black "Hansch, Stephan"]
[Result "1-0"]
[BlackTitle "CM"]
[WhiteElo "2120"]
[BlackElo "2149"]
[WhiteFideId "34185949"]
[BlackFideId "24692514"]
[EventDate "2020.05.25"]

1. e4 c5 2. Nf3 d6 3. d4 cxd4 4. Qxd4 Nf6 5. Nc3 a6 6. Bg5 Nc6 7. Qd2 e6 8. Bd3
h6 9. Bf4 e5 10. Be3 Be6 11. h3 Be7 12. a3 b5 13. Rd1 O-O 14. O-O Rc8 15. a4 Bc4
16. Bxc4 bxc4 17. Qe2 Na5 18. Nxe5 Qc7 19. Nf3 Qb7 20. Nd5 Nxd5 21. Rxd5 Nc6 22.
Nd4 Nb4 23. Nf5 Nxd5 24. exd5 Bf6 25. Qg4 Qxd5 26. Rd1 Qe6 27. Rxd6 Qe5 28. f4
Qxb2 29. Rxf6 Qa1+ 30. Kh2 Qxf6 31. Bd4 h5 32. Qg3 Qg6 33. Ne7+ Kh7 34. Nxg6
fxg6 35. c3 Rf7 36. Qg5 Rcf8 37. Qe5 Rc8 38. Qe6 Rxf4 39. Qxc8 1-0

[Event "Euro Online U2300 Day 1"]
[Site "chess.com INT"]
[Date "2020.05.25"]
[Round "3"]
[White "Hewitt, William"]
[Black "Kosmidis, Ioannis"]
[Result "1-0"]
[WhiteElo "1997"]
[BlackElo "2130"]
[WhiteFideId "1800280"]
[BlackFideId "4253876"]
[EventDate "2020.05.25"]

1. e4 e5 2. Nf3 Nc6 3. d4 exd4 4. Nxd4 Nf6 5. Nc3 Bb4 6. Nxc6 bxc6 7. Bd3 d5 8.
exd5 cxd5 9. O-O O-O 10. h3 h6 11. Qf3 c6 12. Bf4 Bd6 13. Rfe1 Be6 14. Ne2 Rb8
15. b3 a5 16. Nd4 Bxf4 17. Qxf4 Qd7 18. Nf5 Bxf5 19. Bxf5 Qa7 20. Qd6 c5 21. c3
a4 22. bxa4 Qa5 23. Re3 Rfd8 24. Qf4 d4 25. cxd4 cxd4 26. Rd3 Qxa4 27. Rad1 Qxa2
28. Rxd4 Re8 29. Qxb8 Rxb8 30. Rd8+ Ne8 31. Rxb8 g6 32. Rxe8+ Kg7 33. Bg4 h5 34.
Bf3 Qa4 35. Re7 Kf6 36. Re4 Qa2 37. g3 Qb3 38. Kg2 h4 39. Rxh4 g5 40. Rhd4 Kg6
41. Rd6+ f6 42. Be4+ Kh6 43. Rd7 f5 44. R1d6+ Kh5 45. Rh7# 1-0

[Event "Euro Online U2300 Day 1"]
[Site "chess.com INT"]
[Date "2020.05.25"]
[Round "3"]
[White "Hansen, Carsten"]
[Black "Gunduz, Umut Erdem"]
[Result "1-0"]
[WhiteTitle "FM"]
[BlackTitle "FM"]
[WhiteElo "2270"]
[BlackElo "2137"]
[WhiteFideId "1400444"]
[BlackFideId "6381383"]
[EventDate "2020.05.25"]

1. c4 c5 2. Nf3 Nc6 3. g3 g6 4. Bg2 Bg7 5. O-O Nh6 6. Nc3 Nf5 7. Rb1 a6 8. a3
Rb8 9. b4 cxb4 10. axb4 b5 11. cxb5 axb5 12. e3 O-O 13. d4 d5 14. Qb3 e6 15. Ne1
Nd6 16. Nd3 Nc4 17. Nc5 Qb6 18. Ra1 Rd8 19. Rd1 h5 20. h4 Bb7 21. Ne2 Ra8 22.
Bb2 Bf8 23. Bc3 Ne7 24. Nf4 Nf5 25. Nfd3 Nfd6 26. Ne5 Nxe5 27. dxe5 Nc4 28. Bd4
Qc7 29. Qc3 Bc6 30. f4 Bxc5 31. Bxc5 Ra4 32. Qd4 Rda8 33. Rxa4 Rxa4 34. e4 Ra3
35. Rd3 Rxd3 36. Qxd3 dxe4 37. Bxe4 Bxe4 38. Qxe4 Qd7 39. Qa8+ Kh7 40. Qf8 Qd1+
41. Kg2 Qd2+ 42. Kh3 Qd1 43. Qxf7+ Kh8 44. Qb7 Nd2 45. Bf8 Qg4+ 46. Kg2 Qe2+ 47.
Kh3 Qf1+ 48. Qg2 1-0

[Event "Euro Online U2300 Day 1"]
[Site "chess.com INT"]
[Date "2020.05.25"]
[Round "3"]
[White "Jakubauskas, Zygimantas"]
[Black "Kopylov, Artem"]
[Result "0-1"]
[WhiteElo "2032"]
[BlackElo "2107"]
[WhiteFideId "12801046"]
[BlackFideId "44139365"]
[EventDate "2020.05.25"]

1. e4 e5 2. Nf3 Nc6 3. Bb5 a6 4. Ba4 Nf6 5. O-O b5 6. Bb3 Bb7 7. d3 Be7 8. c3
O-O 9. h3 d6 10. Re1 Na5 11. Bc2 c5 12. d4 Qc7 13. d5 Nc4 14. b3 Nb6 15. Nbd2 c4
16. bxc4 Nxc4 17. Bd3 Nxd2 18. Qxd2 Rfc8 19. Bb2 Qd7 20. a4 bxa4 21. Qc2 Bd8 22.
Qxa4 Qxa4 23. Rxa4 Nd7 24. Bf1 Nc5 25. Ra2 a5 26. Nd2 a4 27. Nc4 Bc7 28. f3 Ba6
29. Nd2 Bxf1 30. Kxf1 Ba5 31. Rea1 Nd3 32. Nb1 Nxb2 33. Rxb2 Bxc3 34. Nxc3 Rxc3
35. Rb6 a3 36. Rxd6 Rb3 37. Rc6 a2 38. Rcc1 Rb2 39. Rd1 Kf8 40. Kg1 Ke7 41. Kh2
Kd6 42. Kg3 Rc8 43. Rg1 Rcc2 44. h4 h5 45. Kh3 Rc3 46. Kg3 Kd7 47. Kh3 Rcb3 48.
Kh2 g6 49. Rgc1 Rb1 50. Rxa2 Rxc1 51. Ra7+ Rc7 52. Ra6 Rb2 53. Ra1 f6 54. Kh3
Rb6 55. g4 hxg4+ 56. Kxg4 Rd6 57. h5 gxh5+ 58. Kxh5 Rc3 59. Kg4 Rc7 60. Kf5 Rc3
61. Ra7+ Ke8 62. Kg4 Rd7 63. Ra6 Kf7 64. f4 exf4 65. Kxf4 Rc1 66. Ke3 Re7 67.
Ra4 Re1+ 68. Kf4 Rd7 69. Rb4 Rf1+ 70. Ke3 Re7 71. Kd3 Rd1+ 72. Ke2 Rxd5 73. Kf3
Rd3+ 74. Kf4 Red7 75. Ra4 R3d4 76. Ra6 Re7 77. Kf5 Re5+ 0-1